000 01041nam a22003137a 4500
001 BR9800863
003 BR-BrBNA
005 20230928095815.0
007 ta
008 230509b bl.||||| |||| 00| 0 por d
040 _aBR-BrBNA
_bpor
_cBiblioteca Nacional de Agricultura
041 _a(Por)
072 _aE16
090 _ E16 BR9800863
100 1 _aPoletto, A.R.
110 1 _aUniversidade Federal do Rio Grande do Sul, Porto Alegre (Brasil). Faculdade de Ciencias Economicas
_0Tese (Pos Graduacao em Economia Rural)
_911167
245 1 _aAlocacao de recursos e combinacao de atividades em pequenos estabelecimentos agropecuarios do oeste catarinense
260 3 _aPorto Alegre, RS (Brasil):
_c1997.
300 _a188 p.
500 _aSummaries (Eng, Por); 80 tables; 40 ref.
650 _aProducao Agricola
650 _aProdutividade
650 _aRecurso Economico
650 _aFator de Producao
650 _aPequeno Produtor
650 _aSanta Catarina
909 _a202309
_bLucia
_c55
_dLucia Elande
942 _cBK
999 _c58758
_d58758